<?xml version="1.0" encoding="UTF-8"?>
<record
    xmlns:xsi="http://www.w3.org/2001/XMLSchema-instance"
    xsi:schemaLocation="http://www.loc.gov/MARC21/slim http://www.loc.gov/standards/marcxml/schema/MARC21slim.xsd"
    xmlns="http://www.loc.gov/MARC21/slim">

  <leader>01027nam a2200241 i 4500</leader>
  <controlfield tag="001">75599</controlfield>
  <controlfield tag="003">ES-MaACL</controlfield>
  <controlfield tag="005">20250404190024.0</controlfield>
  <controlfield tag="007">t|</controlfield>
  <controlfield tag="008">040927s1949    fr           ||||1| fre d</controlfield>
  <datafield tag="100" ind1="1" ind2=" ">
    <subfield code="a">Grousset, Ren&#xE9;.</subfield>
    <subfield code="9">60211</subfield>
  </datafield>
  <datafield tag="245" ind1="1" ind2="4">
    <subfield code="a">Les civilisations de l'Orient </subfield>
    <subfield code="b">: L'Inde / </subfield>
    <subfield code="c">Ren&#xE9; Grousset.</subfield>
  </datafield>
  <datafield tag="260" ind1=" " ind2=" ">
    <subfield code="a">Paris : </subfield>
    <subfield code="b">Editions d'Histoire et d'Art, </subfield>
    <subfield code="c">1949 (</subfield>
    <subfield code="f">Meaux Plon)</subfield>
  </datafield>
  <datafield tag="300" ind1=" " ind2=" ">
    <subfield code="a">III, 171 p., 31 l&#xE1;m. : </subfield>
    <subfield code="b">il. ; </subfield>
    <subfield code="c">24 cm.</subfield>
  </datafield>
  <datafield tag="490" ind1="1" ind2=" ">
    <subfield code="a">Ars et historia</subfield>
  </datafield>
  <datafield tag="651" ind1=" " ind2="4">
    <subfield code="a">India-</subfield>
    <subfield code="x">Civilizaci&#xF3;n.</subfield>
    <subfield code="9">8837</subfield>
  </datafield>
  <datafield tag="830" ind1="0" ind2=" ">
    <subfield code="a">Ars et historia</subfield>
    <subfield code="9">188921</subfield>
  </datafield>
  <datafield tag="852" ind1=" " ind2=" ">
    <subfield code="a">ES-MaACL</subfield>
    <subfield code="j">D-6575 </subfield>
    <subfield code="b">R.30768</subfield>
    <subfield code="b">R.M.6166</subfield>
    <subfield code="9">78441 </subfield>
    <subfield code="c">SVI</subfield>
    <subfield code="f">Sello en tinta azul de la Biblioteca del Ateneo de Madrid</subfield>
    <subfield code="g">Anotaci&#xF3;n manuscrita en cubierta: "2"</subfield>
    <subfield code="z">Etiqueta en hoja de guarda: "Espasa-Calpe S.A. pesetas 34"</subfield>
    <subfield code="z">En cubierta: !16. ABR. 1951"</subfield>
  </datafield>
  <datafield tag="942" ind1=" " ind2=" ">
    <subfield code="2">udc</subfield>
    <subfield code="c">MONOGRAFIA</subfield>
  </datafield>
  <datafield tag="999" ind1=" " ind2=" ">
    <subfield code="c">75599</subfield>
    <subfield code="d">75599</subfield>
  </datafield>
  <datafield tag="952" ind1=" " ind2=" ">
    <subfield code="0">0</subfield>
    <subfield code="1">0</subfield>
    <subfield code="4">0</subfield>
    <subfield code="7">0</subfield>
    <subfield code="a">ATENEOM</subfield>
    <subfield code="b">ATENEOM</subfield>
    <subfield code="c">SVI</subfield>
    <subfield code="d">2008-01-17</subfield>
    <subfield code="e">SC</subfield>
    <subfield code="l">0</subfield>
    <subfield code="o">D-6575</subfield>
    <subfield code="p">901079127</subfield>
    <subfield code="r">2023-02-23 00:00:00</subfield>
    <subfield code="w">2023-02-23</subfield>
    <subfield code="y">MONOGRAFIA</subfield>
  </datafield>
</record>
